Vista normal
Vista MARC
Entrada Nombre personal
Número de registros utilizados en: 3
001 - NÚMERO DE CONTROL
- campo de control: 5354
003 - IDENTIFICADOR DEL NÚMERO DE CONTROL
- campo de control: BNPHU
005 - FECHA Y HORA DE LA ÚLTIMA TRANSACCIÓN
- campo de control: 20240305134529.0
008 - DATOS DE LONGITUD FIJA
- campo de control de longitud fija: 200615|| aca||aabn | a|a d
010 ## - NÚMERO DE CONTROL DE LA BIBLIOTECA DEL CONGRESO
- Número de control de LC: n 50015237
040 ## - FUENTE DE LA CATALOGACIÓN
- Centro catalogador/agencia de origen: DO-SdBNP
- Lengua de catalogación: spa
- Centro/agencia transcriptor: BNPHU
- Normas de descripción: rda
100 1# - ENCABEZAMIENTO-NOMBRE DE PERSONA
- Nombre de persona: Gardiner, C. Harvey,
- Forma completa/desarrollada del nombre: (Clinton Harvey)
- Fechas asociadas al nombre: 1939-2000
370 ## - LUGAR ASOCIADO
- Lugar de nacimiento: Newport, Kentucky
- Lugar de fallecimiento: Dade City, Florida
374 ## - OCUPACIÓN
- Ocupación: Profesor
375 ## - GÉNERO/SEXO
- Género/Sexo: Masculino
377 ## - LENGUA/LENGUAJE ASOCIADO
- Código del idioma: spa
400 1# - TRAZADO DE VÉASE--NOMBRE DE PERSONA
- Nombre de persona: Gardiner, Clinton Harvey
670 ## - FUENTE DE DATOS ENCONTRADOS
- Cita de la fuente: Work cat.: (OSt)1526: Gardiner, C. Harvey (Clinton Harvey), The Japanese and Peru, 1873-1973 /, c1975.
670 ## - FUENTE DE DATOS ENCONTRADOS
- Cita de la fuente: Survey, foreign travelers accounts of Mexico ... 1952.
670 ## - FUENTE DE DATOS ENCONTRADOS
- Cita de la fuente: La política de inmigración del dictador Trujillo, 1980, c1979:
